| Tag |
First Indicator |
Second Indicator |
Subfields |
| LEADER |
00000cam a22000001i 4500 |
| 001 |
in00004437607 |
| 005 |
20211018102714.0 |
| 006 |
m |o d | |
| 007 |
cr |n||||||||| |
| 008 |
210809t20212021nyuaf eob 001 0 eng d |
| 020 |
|
|
|a 9780306925627 (electronic bk.)
|
| 020 |
|
|
|a 0306925621 (electronic bk.)
|
| 020 |
|
|
|z 9780306925634
|
| 020 |
|
|
|z 030692563X
|
| 024 |
8 |
|
|a 40030647899
|
| 035 |
|
|
|a (NhCcYBP)EBSCO2664474
|
| 040 |
|
|
|a NhCcYBP
|c NhCcYBP
|d UtOrBLW
|
| 043 |
|
|
|a n-us---
|
| 050 |
|
4 |
|a HQ767.5.U5
|b K65 2021
|
| 082 |
0 |
4 |
|a 362.1988/800973
|2 23
|
| 100 |
1 |
|
|a Kolbert, Kathryn,
|e author.
|0 http://id.loc.gov/authorities/names/n2001099855
|
| 245 |
1 |
0 |
|a Controlling women :
|b what we must do now to save reproductive freedom /
|c Kathryn Kolbert & Julie F. Kay.
|
| 250 |
|
|
|a First edition.
|
| 264 |
|
1 |
|a New York :
|b Hachette Books,
|c 2021.
|
| 264 |
|
4 |
|c ©2021
|
| 300 |
|
|
|a 1 online resource.
|
| 336 |
|
|
|a text
|b txt
|2 rdacontent
|
| 337 |
|
|
|a computer
|b c
|2 rdamedia
|
| 338 |
|
|
|a online resource
|b cr
|2 rdacarrier
|
| 504 |
|
|
|a Includes bibliographical references (pages 237-281) and index.
|
| 505 |
0 |
|
|a Introduction -- Gender, sex, race, and power: why abortion matters -- A Texas-sized win: Roe v. Wade -- A high five from the Supremes: the surprising story of Planned Parenthood v. Casey (Kitty) -- A Roe-shaped piñata: five decades of abortion litigation in the U.S. -- Dr. Jekyll and representative Hyde: the battle over government funding for abortion -- The kids are not all right: states limit teen access to sex education, birth control, and abortion -- Death by a thousand pinpricks: attacks on clinics and doctors move abortion further out of reach -- In-your-face politics: abortion bans inflame the debate -- A wolf at the door: new Supreme Court majority puts procreative and sexual freedoms at risk -- Meanwhile, across the pond: a human rights approach to abortion (Julie) -- New tactics, new triumphs: time for big ambitions -- Give me an "A!": abortion access for all -- And the nominees are...: ten steps forward -- Fueling an audacious and inclusive movement: reproductive freedom in the twenty-first century.
|
| 588 |
|
|
|a Description based on print version record.
|
| 500 |
|
|
|a Electronic resource.
|
| 650 |
|
0 |
|a Abortion
|z United States.
|0 http://id.loc.gov/authorities/subjects/sh2007100482
|
| 650 |
|
0 |
|a Women's rights
|z United States.
|0 http://id.loc.gov/authorities/subjects/sh85147769
|
| 655 |
|
7 |
|a Electronic books.
|2 local
|
| 700 |
1 |
|
|a Kay, Julie F.,
|e author.
|0 http://id.loc.gov/authorities/names/n2021009853
|
| 710 |
2 |
|
|a EBSCOhost.
|
| 776 |
1 |
8 |
|c Original
|z 9780306925634
|z 030692563X
|w (DLC) 2021005512
|
| 856 |
4 |
0 |
|u http://proxy.library.tamu.edu/login?url=https://search.ebscohost.com/login.aspx?direct=true&scope=site&db=nlebk&db=nlabk&AN=2664474
|z Connect to the full text of this electronic book
|t 0
|
| 945 |
|
|
|b 973445
|
| 955 |
|
|
|a YBP purchased approval e-records
|
| 980 |
|
|
|b 130.00
|g 1
|
| 987 |
|
|
|a ybp302286656
|
| 999 |
f |
f |
|s 098398e3-bb02-3dcc-b494-39ca58bb3d4f
|i b2212c10-86eb-37df-b277-5815aed7bc83
|t 0
|
| 952 |
f |
f |
|a Texas A&M University
|b College Station
|c Electronic Resources
|d Available Online
|t 0
|e HQ767.5.U5 K65 2021
|h Library of Congress classification
|
| 998 |
f |
f |
|a HQ767.5.U5 K65 2021
|t 0
|l Available Online
|